Les communes les plus peuplées de l'Essonne (91) - Statistiques

Statistiques générales
  • Ce quiz a été pris 178 fois
  • Le résultat moyen est 8 sur 15
Statistiques - réponses
Population Ville % Correct
67 591 Evry-Courcouronnes
98%
50 985 Massy
83%
35 923 Palaiseau
78%
51 245 Corbeil-Essonnes
70%
28 361 Grigny
66%
29 546 Yerres
52%
29 769 Ris-Orangis
49%
36 978 Savigny-sur-Orge
48%
35 448 Athis-Mons
45%
30 918 Viry-Chatillon
45%
36 325 Sainte-Geneviève-des-Bois
43%
29 005 Draveil
40%
27 193 Brétigny-sur-Orge
38%
25 778 Brunoy
33%
31 647 Vigneux-sur-Seine
28%
Aucun quiz correspondant
Distribution des résultats
% des personnes avec chaque résultat
Percentile par nombre de réponses
Votre historique - résultats
Vous n’avez pas pris ce quiz